[Event "ICS rated blitz match"]
[Site "204.178.125.65"]
[Date "2000.01.28"]
[Round "?"]
[White "PostModernist"]
[Black "Hossa"]
[Result "1-0"]
[WhiteElo "2523"]
[BlackElo "2308"]
[PlyCount "151"]

1. Nf3 Nf6 2. g3 g6 3. Bg2 Bg7 4. O-O O-O 5. d3 d5 6. Nbd2 Nc6 7. e4 Bg4 8. h3
dxe4 9. dxe4 Bd7 10. e5 Ne8 11. Nb3 Qc8 12. g4 f6 13. Nc5 Be6 14. Nd4 Nxd4 15.
Bxb7 Qd8 16. Nxe6 Nxe6 17. Qd5 Rb8 18. Qxe6+ Kh8 19. Qa6 fxe5 20. Qxa7 Nd6 21.
Bg2 Nc4 22. Rb1 Qd6 23. Be4 Rb6 24. b3 e6 25. f3 Rf7 26. c3 Qc5+ 27. Kh1 Nd6
28. Ba3 Qb5 29. c4 Qe8 30. Bc5 Rb8 31. Bc6 Qf8 32. Rfd1 Rd8 33. Kg1 Qe7 34. a4
Kg8 35. Bf2 Nc8 36. Rxd8+ Qxd8 37. Qa8 Bf8 38. Re1 Bb4 39. Rxe5 Qd1+ 40. Kg2
Rf8 41. Qb7 Ne7 42. Rxe6 Nxc6 43. Qxc6 Rf7 44. Qd5 Qxd5 45. cxd5 Rd7 46. Re4
Bd2 47. Bg3 Bg5 48. b4 Kf7 49. a5 Bd8 50. Rf4+ Kg8 51. a6 Rxd5 52. Bf2 Bg5 53.
Rd4 Re5 54. f4 Re8 55. fxg5 Ra8 56. a7 c5 57. Rd7 cxb4 58. Rb7 Rxa7 59. Bxa7 b3
60. Bd4 Kf8 61. Rxh7 Ke8 62. Rg7 Kf8 63. Kf3 Ke8 64. Ke4 Kf8 65. Rxg6 Ke7 66.
Rb6 Kd7 67. g6 Ke8 68. g7 Kf7 69. Rb7+ Kg8 70. Rb8+ Kf7 71. g8=Q+ Ke7 72. Rb7+
Kd6 73. Qxb3 Kc6 74. Qb5+ Kd6 75. Bc5+ Ke6 76. Qa6# 1-0

[Event "ICS rated blitz match"]
[Site "204.178.125.65"]
[Date "2000.01.28"]
[Round "?"]
[White "Hossa"]
[Black "Beadle"]
[Result "0-1"]
[WhiteElo "2301"]
[BlackElo "2549"]
[PlyCount "75"]

1. Nf3 Nf6 2. g3 d5 3. Bg2 Bf5 4. Nh4 Bg6 5. Nxg6 hxg6 6. c4 c6 7. Qb3 Qc7 8.
d4 dxc4 9. Qxc4 e6 10. Nc3 Nbd7 11. e4 e5 12. Be3 Nb6 13. Qe2 Bb4 14. O-O-O
Bxc3 15. bxc3 O-O 16. Rd2 Rfe8 17. Rhd1 Qe7 18. dxe5 Qxe5 19. Bd4 Qe7 20. f3
Qa3+ 21. Kb1 c5 22. Bxf6 gxf6 23. Qd3 c4 24. Qe3 Na4 25. Rc2 Rad8 26. Rd4 Rxd4
27. Qxd4 Re6 28. Qd8+ Kg7 29. Qd2 Rb6+ 30. Ka1 Nc5 31. Rb2 Nb3+ 32. Rxb3 cxb3
33. Qb2 Qd6 34. Qe2 Qc5 35. a4 Qa3+ 36. Kb1 b2 37. Qf1 Qa1+ 38. Kc2 0-1

[Event "ICS rated blitz match"]
[Site "204.178.125.65"]
[Date "2000.01.28"]
[Round "?"]
[White "PostModernist"]
[Black "Hossa"]
[Result "1-0"]
[WhiteElo "2530"]
[BlackElo "2295"]
[PlyCount "121"]

1. c4 e5 2. Nc3 Nc6 3. g3 Nf6 4. Nf3 d5 5. cxd5 Nxd5 6. d3 Bb4 7. Bd2 Bg4 8.
Bg2 O-O 9. O-O Nf6 10. a3 Bxc3 11. Bxc3 Nd5 12. Qa4 Bxf3 13. Bxf3 Qd6 14. Rfc1
Rfd8 15. Qg4 Rd7 16. Qh3 Nxc3 17. bxc3 Rad8 18. Rcb1 b6 19. Be4 h6 20. Qf5 g6
21. Qh3 h5 22. g4 hxg4 23. Qxg4 Ne7 24. Qh4 Kg7 25. Qg3 c6 26. Bf3 Rh8 27. Bg4
Rdd8 28. Rb4 Nd5 29. Ra4 Nxc3 30. Rxa7 Qb8 31. Ra6 f6 32. Rc1 Qb7 33. Rxc3 Qxa6
34. Rxc6 Qxa3 35. Rxb6 Qc1+ 36. Kg2 Qc7 37. Rb1 Rb8 38. Ra1 Qc5 39. Bf5 Rh6 40.
e3 Rbh8 41. h3 Kf7 42. Bg4 Rd8 43. Be2 Qe7 44. Kg1 Qb4 45. Ra7+ Kf8 46. Qg2
Qe1+ 47. Bf1 Rh5 48. h4 Rf5 49. Rh7 Qd2 50. Rh8+ Ke7 51. Qb7+ Ke6 52. Qc6+ Kf7
53. Qc7+ Ke6 54. Qc4+ Rd5 55. Qc8+ Rd7 56. Re8+ Kd6 57. Qa6+ Kc5 58. Rc8+ Rc7
59. Rxc7+ Kb4 60. Rb7+ Kc3 61. Qc4# 1-0

[Event "ICS rated blitz match"]
[Site "204.178.125.65"]
[Date "2000.01.28"]
[Round "?"]
[White "Beadle"]
[Black "Hossa"]
[Result "1-0"]
[WhiteElo "2555"]
[BlackElo "2288"]
[PlyCount "127"]

1. d4 Nf6 2. c4 e6 3. Nc3 Bb4 4. Qc2 O-O 5. Bg5 c5 6. Nf3 cxd4 7. Nxd4 Nc6 8.
Nxc6 bxc6 9. e3 h6 10. Bh4 d5 11. Bd3 d4 12. Bxf6 Qxf6 13. exd4 Qxd4 14. O-O-O
Kh8 15. Na4 Qf4+ 16. Kb1 Rd8 17. Be4 Bb7 18. g3 Qe5 19. f4 Qa5 20. a3 Bd6 21.
Rhe1 Rab8 22. c5 Be7 23. Ka1 Bf6 24. Ka2 Bd4 25. b4 Qc7 26. Qc4 Qd7 27. Bf3 f6
28. Qxe6 Qc7 29. Re4 Bf2 30. Qe7 Qxe7 31. Rxe7 Rxd1 32. Bxd1 Bg1 33. h3 Bh2 34.
Re3 g5 35. fxg5 fxg5 36. Bg4 Kg7 37. Nc3 Bg1 38. Re7+ Kf8 39. Re6 Bd4 40. Ne4
Bg7 41. Nd6 Ba8 42. Nf5 a6 43. Rg6 Be5 44. Be2 Kf7 45. Rxh6 Rd8 46. Bc4+ Ke8
47. Re6+ Kf7 48. g4 Rd2+ 49. Kb1 Bf4 50. Rh6+ Ke8 51. Rh8+ Kd7 52. Rxa8 Rh2 53.
Rh8 Rh1+ 54. Kc2 Ra1 55. Rh7+ Kd8 56. Nd4 Rxa3 57. Nxc6+ Ke8 58. Be6 Kf8 59.
Rf7+ Ke8 60. Rg7 Ra2+ 61. Bxa2 Bg3 62. Be6 Bd6 63. cxd6 a5 64. Rg8# 1-0

[Event "ICS rated blitz match"]
[Site "204.178.125.65"]
[Date "2000.01.28"]
[Round "?"]
[White "cushite"]
[Black "Hossa"]
[Result "0-1"]
[WhiteElo "2108"]
[BlackElo "2285"]
[PlyCount "78"]

1. c4 e5 2. Nc3 Nc6 3. e4 Nf6 4. g3 Bb4 5. Nge2 Nd4 6. Bg2 O-O 7. O-O d6 8. h3
Bd7 9. d3 Qc8 10. Kh2 Bc5 11. f4 Nxe2 12. Nxe2 Rd8 13. f5 Re8 14. g4 h6 15. Ng3
c6 16. h4 Bd4 17. g5 hxg5 18. hxg5 Nh7 19. Qh5 Bc5 20. Qh4 b5 21. g6 Nf8 22.
gxf7+ Kxf7 23. Bf3 bxc4 24. Bh5+ Kg8 25. Kg2 d5 26. Rh1 Be7 27. Qh2 Rd8 28. Bg6
Nxg6 29. Qh7+ Kf8 30. fxg6 Bf6 31. Nh5 Ke7 32. Nxf6 Kxf6 33. Rf1+ Ke6 34. Qxg7
Kd6 35. exd5 Bh3+ 36. Kg1 Qg4+ 37. Kf2 Rf8+ 38. Ke3 Qd4+ 39. Kd2 Qxd3+ 0-1

[Event "ICS rated blitz match"]
[Site "204.178.125.65"]
[Date "2000.01.28"]
[Round "?"]
[White "Hossa"]
[Black "cushite"]
[Result "1-0"]
[WhiteElo "2293"]
[BlackElo "2100"]
[PlyCount "33"]

1. d4 e6 2. c4 d5 3. Nc3 Nf6 4. e3 Nbd7 5. Bd3 b6 6. cxd5 exd5 7. Qa4 Be7 8.
Qc6 Rb8 9. Nb5 O-O 10. Qxc7 Qe8 11. Qxa7 Bb4+ 12. Kf1 Ne4 13. Nc7 Qe7 14. Nxd5
Qh4 15. g3 Qh5 16. Bxe4 Qd1+ 17. Kg2 1-0

[Event "ICS rated blitz match"]
[Site "204.178.125.65"]
[Date "2000.01.28"]
[Round "?"]
[White "cushite"]
[Black "Hossa"]
[Result "0-1"]
[WhiteElo "2092"]
[BlackElo "2301"]
[PlyCount "76"]

1. c4 e5 2. Nc3 Nc6 3. g3 Nf6 4. e4 Bb4 5. Nge2 d6 6. Bg2 Be6 7. d3 Qd7 8. Be3
Bh3 9. O-O Bxg2 10. Kxg2 Bxc3 11. Nxc3 O-O 12. h3 Rae8 13. f4 Rd8 14. f5 Qe7
15. g4 h6 16. Ne2 Nb4 17. a3 Nc6 18. Ng3 Nd4 19. h4 Nh7 20. Rh1 f6 21. Rh3 c5
22. Rc1 Rc8 23. Qh1 Rc7 24. Rg1 Nc2 25. Bd2 Re8 26. Ne2 Nd4 27. Nc3 Rcc8 28.
Kf2 Rb8 29. Nd5 Qf7 30. g5 Qh5 31. Re1 Nc2 32. Rc1 Nd4 33. Qe1 hxg5 34. Qe3 g4
35. Rh2 b5 36. Qg3 bxc4 37. dxc4 Rxb2 38. Rd1 Nf3 0-1

[Event "ICS rated blitz match"]
[Site "204.178.125.65"]
[Date "2000.01.28"]
[Round "?"]
[White "Hossa"]
[Black "cushite"]
[Result "1-0"]
[WhiteElo "2308"]
[BlackElo "2085"]
[PlyCount "35"]

1. d4 e6 2. c4 d5 3. Nc3 Nf6 4. e3 Nbd7 5. Nf3 c6 6. Bd3 Bd6 7. O-O O-O 8. e4
dxe4 9. Nxe4 Nxe4 10. Bxe4 Nf6 11. Bg5 h6 12. Bxf6 Qxf6 13. Qc2 c5 14. dxc5
Bxc5 15. Rad1 Rb8 16. Rfe1 b6 17. Ne5 Bb4 18. Re2 1-0

[Event "ICS rated blitz match"]
[Site "204.178.125.65"]
[Date "2000.01.28"]
[Round "?"]
[White "cushite"]
[Black "Hossa"]
[Result "0-1"]
[WhiteElo "2078"]
[BlackElo "2315"]
[PlyCount "40"]

1. c4 e5 2. Nc3 Nc6 3. e4 Nf6 4. g3 Bb4 5. Nge2 d6 6. Bg2 Be6 7. d3 Qd7 8. O-O
Bh3 9. Bg5 Bxc3 10. Bxf6 Bxb2 11. Bxg7 Bxg2 12. Kxg2 Rg8 13. Rb1 Bd4 14. Bh6
Bb6 15. Qd2 Qg4 16. Be3 Qh5 17. Bxb6 axb6 18. Nc3 Nd4 19. Nd5 Qf3+ 20. Kh3 Ne6
0-1

[Event "ICS rated blitz match"]
[Site "204.178.125.65"]
[Date "2000.01.28"]
[Round "?"]
[White "beatchess"]
[Black "Hossa"]
[Result "0-1"]
[WhiteElo "2120"]
[BlackElo "2322"]
[PlyCount "120"]

1. e4 c5 2. Nf3 Nc6 3. d4 cxd4 4. Nxd4 e6 5. Nxc6 bxc6 6. Bd3 e5 7. O-O Nf6 8.
Nc3 Bb4 9. Ne2 d5 10. exd5 cxd5 11. c3 Be7 12. Be3 O-O 13. Ng3 Rb8 14. b3 Qa5
15. c4 d4 16. Bd2 Bb4 17. Bxb4 Rxb4 18. Qe2 Qc5 19. h3 Re8 20. Rfe1 Bb7 21. Ne4
Bxe4 22. Bxe4 a5 23. Rad1 Rbb8 24. Bc2 e4 25. Qd2 d3 26. Bb1 Rec8 27. Kh1 Qh5
28. f3 exf3 29. Bxd3 fxg2+ 30. Qxg2 Re8 31. Rg1 Qh6 32. c5 Re3 33. Bf5 Rc3 34.
c6 Nh5 35. Bd7 Nf4 36. c7 Rf8 37. Qh2 Rxc7 38. Rd4 Rxd7 39. Rxd7 Qc6+ 40. Rg2
Qxd7 41. Qxf4 Qxh3+ 42. Kg1 Qc3 43. Kh2 g6 44. Rg3 Qe1 45. Rg2 h5 46. Qd6 Qh4+
47. Kg1 Rd8 48. Rxg6+ fxg6 49. Qxg6+ Kf8 50. Qh6+ Kf7 51. Qh7+ Ke6 52. Qg6+ Ke5
53. Qg7+ Kd6 54. Qg6+ Kc5 55. Qc2+ Kb4 56. a3+ Kxa3 57. Qc5+ Kb2 58. Qxa5 Qg3+
59. Kf1 Qf3+ 60. Ke1 Rd1# 0-1

[Event "ICS Rated blitz match"]
[Site "204.178.125.65"]
[Date "2000.01.28"]
[Round "?"]
[White "Hossa"]
[Black "Zippy"]
[Result "0-1"]
[WhiteElo "2330"]
[BlackElo "2221"]
[PlyCount "162"]

1. c4 e6 2. d4 Nf6 3. Nf3 b6 4. Nc3 Bb7 5. Bf4 Bb4 6. e3 Ne4 7. Qb3 Bxc3+ 8.
bxc3 g5 9. Bg3 Nc6 10. Bd3 f5 11. O-O Nxg3 12. fxg3 O-O 13. Rab1 Na5 14. Qb5 d6
15. Nd2 a6 16. Qb4 Nc6 17. Qb3 Rf7 18. Rf2 Na5 19. Qb2 Qe7 20. Rbf1 Raf8 21.
Be2 g4 22. Nb3 Nxb3 23. axb3 Qg5 24. Qd2 Rf6 25. c5 dxc5 26. dxc5 bxc5 27. Rd1
e5 28. Bc4+ Kh8 29. Qe2 Rd6 30. Rd3 Be4 31. Rxd6 cxd6 32. Bxa6 Rb8 33. Qd2 d5
34. b4 c4 35. b5 Qh6 36. Qe1 Rb6 37. Qc1 Qd6 38. Ra2 Qc5 39. Rf2 Rh6 40. Qd2
Kg7 41. Rf1 Rh5 42. Kh1 Qd6 43. Qf2 Qb6 44. Rd1 Qa5 45. Qd2 Qc7 46. Ra1 Qb6 47.
Qe1 Kg8 48. Qg1 Rh6 49. Qf2 Qc5 50. Kg1 Kg7 51. Ra5 Rh5 52. Ra4 Qb6 53. Kh1 Kg8
54. Qg1 Rh6 55. Qf2 Kh8 56. Kg1 Qa7 57. Ra2 Qc5 58. Ra5 Qc7 59. Ra3 Qf7 60. Ra1
Qh5 61. Kf1 Qxh2 62. Ke2 Bxg2 63. Kd2 Be4 64. Rf1 Bd3 65. Kc1 Bxf1 66. Qxf5 Kg8
67. Qxe5 Qh5 68. Qe7 Bd3 69. Qd8+ Kg7 70. Qe7+ Qf7 71. Qg5+ Rg6 72. Qf4 Be4 73.
Kb2 Qe7 74. Qf1 Bf3 75. Qg1 Re6 76. e4 Rxe4 77. Qb6 Re2+ 78. Kb1 Be4+ 79. Kc1
Qg5+ 80. Qe3 Qxe3+ 81. Kd1 Qd2# 0-1

[Event "ICS Rated blitz match"]
[Site "204.178.125.65"]
[Date "2000.01.28"]
[Round "?"]
[White "Zippy"]
[Black "Hossa"]
[Result "1-0"]
[WhiteElo "2242"]
[BlackElo "2309"]
[PlyCount "47"]

1. e4 c5 2. Nf3 Nc6 3. d4 cxd4 4. Nxd4 e6 5. Nc3 a6 6. Nxc6 bxc6 7. Qd4 d5 8.
Be2 c5 9. Qe5 d4 10. Nd1 Nf6 11. Bf4 Be7 12. O-O O-O 13. b3 Bb7 14. Bd3 Qb6 15.
Nb2 Qb4 16. a3 Qb6 17. Nc4 Qd8 18. f3 Nd7 19. Qh5 Nf6 20. Qh3 Nd7 21. e5 f5 22.
exf6 Nxf6 23. Bg5 Qc7 24. Bxf6 1-0

[Event "ICS Rated blitz match"]
[Site "204.178.125.65"]
[Date "2000.01.28"]
[Round "?"]
[White "Hossa"]
[Black "Zippy"]
[Result "0-1"]
[WhiteElo "2290"]
[BlackElo "2261"]
[PlyCount "121"]

1. d4 Nf6 2. c4 g6 3. Nc3 d5 4. Nf3 Bg7 5. Bf4 O-O 6. Rc1 c6 7. e3 Qa5 8. Bd3
Qb4 9. Qe2 Bg4 10. h3 Bxf3 11. gxf3 Nbd7 12. a3 Qa5 13. Qd2 Nh5 14. Bh2 dxc4
15. Bxc4 Qf5 16. Qd1 e5 17. d5 Qxh3 18. Bf1 Qf5 19. e4 Qg5 20. Ne2 Rad8 21. d6
Bh6 22. Rc3 Qf6 23. Bh3 Nb6 24. d7 Qe7 25. Rd3 Kg7 26. Nc3 f5 27. exf5 gxf5 28.
Ne2 Kh8 29. Qb3 Bg7 30. Ng3 Nf4 31. Bxf5 Nxd3+ 32. Qxd3 Nxd7 33. Bg1 Nf6 34.
Qc2 h6 35. Qc1 Ng8 36. Bg4 Rd3 37. Nf5 Qf6 38. Bh2 Ne7 39. Nxg7 Qxg7 40. Bg3
Kh7 41. b3 a5 42. Qc5 Ng6 43. Qc2 Rfd8 44. Rh5 e4 45. Kf1 exf3 46. Kg1 Qe7 47.
Bf5 Qe1+ 48. Kh2 Qf1 49. Bh3 Qe2 50. Qc4 R8d5 51. Bf5 Rd1 52. Bxg6+ Kxg6 53.
Rxd5 Rxd5 54. Qg4+ Rg5 55. Qd4 Rh5+ 56. Bh4 Qe5+ 57. Qxe5 Rxe5 58. a4 Rd5 59.
Bg3 Rd3 60. Bc7 Rxb3 61. Bxa5 0-1

[Event "ICS Rated blitz match"]
[Site "204.178.125.65"]
[Date "2000.01.28"]
[Round "?"]
[White "PostModernist"]
[Black "Hossa"]
[Result "0-1"]
[WhiteElo "2509"]
[BlackElo "2273"]
[PlyCount "100"]

1. c4 e5 2. Nc3 Nc6 3. g3 Nf6 4. Nf3 d5 5. cxd5 Nxd5 6. Bg2 Nxc3 7. bxc3 e4 8.
Ng1 Qd5 9. Qb3 Qe5 10. Qc4 f5 11. d4 Qe6 12. d5 Na5 13. Qxc7 Qxd5 14. Ba3 Be6
15. Rd1 Qxa2 16. Bb4 Nc4 17. Qxb7 Nb6 18. Bxf8 Kxf8 19. f3 Bb3 20. Qc7 Bxd1 21.
Qd6+ Kf7 22. Qxd1 e3 23. Qc1 Nc4 24. Nh3 Qd2+ 25. Qxd2 exd2+ 26. Kf2 Nb2 27. c4
d1=Q 28. Rxd1 Nxd1+ 29. Kg1 Ne3 30. Nf4 Nxc4 31. g4 Ne3 32. gxf5 Rhb8 33. Bh3
Rb5 34. Ne6 Rb2 35. Kf2 Nd1+ 36. Ke1 Nc3 37. Bf1 a5 38. Kf2 a4 39. Ng5+ Kg8 40.
Kg3 Nxe2+ 41. Bxe2 Rxe2 42. Ne6 Rxe6 43. fxe6 a3 44. Kh4 a2 45. Kh5 a1=Q 46.
Kg4 Qf6 47. f4 Ra3 48. f5 h5+ 49. Kxh5 Qxf5+ 50. Kh4 Rh3# 0-1

[Event "ICS rated blitz match"]
[Site "204.178.125.65"]
[Date "2000.01.28"]
[Round "?"]
[White "CerealKiller"]
[Black "Hossa"]
[Result "0-1"]
[WhiteElo "2039"]
[BlackElo "2298"]
[PlyCount "35"]

1. e4 c5 2. Nf3 Nc6 3. g3 e6 4. Bg2 d5 5. e5 Qc7 6. Qe2 Nd4 7. Nxd4 cxd4 8. O-O
Qxc2 9. Na3 Bxa3 10. bxa3 Ne7 11. Qg4 Nf5 12. d3 Qxd3 13. Bf4 Qxa3 14. Rac1
Qxa2 15. Rc5 O-O 16. Bg5 h6 17. Bf6 Kh8 18. Be7 0-1

[Event "ICS Rated blitz match"]
[Site "204.178.125.65"]
[Date "2000.01.28"]
[Round "?"]
[White "Hossa"]
[Black "PostModernist"]
[Result "0-1"]
[WhiteElo "2304"]
[BlackElo "2484"]
[PlyCount "94"]

1. Nf3 c5 2. g3 Nc6 3. e4 d6 4. d3 g6 5. Bg2 Bg7 6. O-O Nf6 7. Nc3 O-O 8. Bg5
Rb8 9. Nd2 b5 10. Nf3 Be6 11. Qd2 b4 12. Nd1 Ng4 13. h3 Nge5 14. Nxe5 Bxe5 15.
Bh6 Re8 16. h4 Qa5 17. h5 Bxa2 18. Ne3 Qa6 19. Nc4 Bf6 20. b3 Bc3 21. Qd1 Bxa1
22. Qxa1 Nd4 23. Qd1 Qc8 24. hxg6 fxg6 25. f4 Qe6 26. Re1 Nb5 27. Nd2 Nc3 28.
Qf3 a5 29. Qf1 Qg4 30. f5 Qxg3 31. f6 exf6 32. Bf4 Qh4 33. Bxd6 Rbc8 34. Nf3
Qg4 35. Nh2 Qd7 36. Bg3 Qg7 37. Bh4 Rf8 38. Bh3 Rc6 39. Ra1 f5 40. exf5 gxf5+
41. Kh1 a4 42. Qf3 axb3 43. cxb3 Rg6 44. Qf2 Bxb3 45. Rf1 Bd5+ 46. Nf3 Qh6 47.
Bg2 Rg4 0-1

[Event "ICS Rated blitz match"]
[Site "204.178.125.65"]
[Date "2000.01.28"]
[Round "?"]
[White "PostModernist"]
[Black "Hossa"]
[Result "1-0"]
[WhiteElo "2492"]
[BlackElo "2296"]
[PlyCount "73"]

1. e4 c5 2. Nf3 Nc6 3. d4 cxd4 4. Nxd4 Nf6 5. Nc3 e5 6. Ndb5 d6 7. Bg5 a6 8.
Na3 b5 9. Bxf6 gxf6 10. Nd5 Bg7 11. c3 Be6 12. Nc2 f5 13. exf5 Bxf5 14. Nce3
Bg6 15. h4 O-O 16. a4 b4 17. h5 Be4 18. h6 Bh8 19. cxb4 Nd4 20. Qg4+ Bg6 21.
Bc4 Bf6 22. Nxf6+ Qxf6 23. O-O e4 24. Nd5 Qe5 25. Nb6 Nc2 26. Rad1 Nxb4 27.
Nxa8 Rxa8 28. Qd7 d5 29. Bxd5 Rf8 30. Bc4 Nd3 31. Bxa6 Qxb2 32. Qd6 Qc3 33. Bb5
Nb2 34. Rc1 Nc4 35. Bxc4 Qb2 36. Rb1 Qc3 37. Rb8 1-0

[Event "ICS rated blitz match"]
[Site "204.178.125.65"]
[Date "2000.01.28"]
[Round "?"]
[White "Hossa"]
[Black "PostModernist"]
[Result "0-1"]
[WhiteElo "2288"]
[BlackElo "2500"]
[PlyCount "136"]

1. e4 c5 2. Nf3 d6 3. c3 Nf6 4. Bd3 Bg4 5. Qb3 Qc7 6. Bc4 e6 7. d3 Bxf3 8. gxf3
Be7 9. Bf4 O-O 10. Na3 a6 11. Qc2 Qc6 12. Bb3 d5 13. c4 b5 14. cxd5 exd5 15.
O-O-O Qb7 16. Rhg1 c4 17. Bh6 Nh5 18. dxc4 dxc4 19. Nxc4 bxc4 20. Bxc4 Qc6 21.
Be3 Rc8 22. b3 Nd7 23. Rd5 Ndf6 24. Rdg5 h6 25. R5g2 Ba3+ 26. Kb1 Rab8 27. Bd3
Qd6 28. Qe2 Rc3 29. Bxa6 Rbxb3+ 30. axb3 Rxb3+ 31. Ka2 Rb2+ 32. Qxb2 Bxb2 33.
Kxb2 Qxa6 34. Bxh6 Qe2+ 35. Ka1 g6 36. Be3 Qxf3 37. e5 Qa8+ 38. Kb2 Qb8+ 39.
Ka3 Qxe5 40. Kb3 Nd5 41. Bd2 Qe6 42. Ka3 Qa6+ 43. Kb2 Nhf4 44. Bxf4 Qb6+ 45.
Ka1 Nxf4 46. f3 Qd4+ 47. Ka2 Qd5+ 48. Kb1 Nxg2 49. Rxg2 Qxf3 50. Rb2 Qd3+ 51.
Ka2 Kg7 52. h4 Qc4+ 53. Kb1 Qxh4 54. Rc2 Qd4 55. Rc8 f5 56. Kc2 f4 57. Kb1 f3
58. Rc7+ Kf6 59. Rc8 f2 60. Rc6+ Ke5 61. Rc1 Qd2 62. Rf1 Qd3+ 63. Kb2 Qxf1 64.
Kc3 Qa1+ 65. Kb4 f1=Q 66. Kb3 Qb5+ 67. Kc2 Qaf1 68. Kc3 Qc1# 0-1

[Event "ICS Rated standard match"]
[Site "204.178.125.65"]
[Date "2000.01.28"]
[Round "?"]
[White "Hossa"]
[Black "Beadle"]
[Result "1/2-1/2"]
[WhiteElo "2229"]
[BlackElo "2439"]
[PlyCount "204"]

1. e4 Nc6 2. Nf3 e5 3. Bb5 a6 4. Bxc6 dxc6 5. Nc3 Bc5 6. Nxe5 Bxf2+ 7. Kxf2
Qd4+ 8. Kf1 Qxe5 9. d4 Qd6 10. Kg1 Be6 11. Bg5 f6 12. Be3 Ne7 13. Qh5+ Bf7 14.
Qg4 O-O 15. Qf4 Rad8 16. Rf1 Qb4 17. Rb1 Rd7 18. a3 Qd6 19. Rf1 Ng6 20. Qxd6
cxd6 21. Kf2 Bc4 22. Re1 f5 23. exf5 Rxf5+ 24. Kg3 Ne7 25. b3 Bf7 26. Re2 Bg6
27. Rhe1 Rh5 28. Kf2 Nf5 29. h3 Rf7 30. Bf4 Nxd4 31. Re8+ Rf8 32. Rxf8+ Kxf8
33. Bxd6+ Kg8 34. Re7 Bxc2 35. Rxb7 Bxb3 36. Rc7 Bd5 37. a4 Rf5+ 38. Kg1 h5 39.
Bg3 Rg5 40. Bf2 Nf3+ 41. Kh1 Ne5 42. Nxd5 cxd5 43. Ra7 Nd3 44. Bb6 Ne1 45. Rd7
Nxg2 46. Bd8 Rg6 47. Bc7 Ne3 48. Bf4 Re6 49. Kh2 Nf1+ 50. Kg2 Rf6 51. Bc1 Rf5
52. h4 a5 53. Rd8+ Kf7 54. Bg5 Ke6 55. Re8+ Kd6 56. Re1 Rxg5+ 57. hxg5 Nd2 58.
Re8 Ne4 59. Rg8 Nxg5 60. Rxg7 Ne4 61. Ra7 Nc5 62. Rxa5 d4 63. Ra8 Kc7 64. a5
Kb7 65. Rh8 Nb3 66. Rd8 Ka6 67. Rd5 h4 68. Kh3 Nxa5 69. Rxd4 Kb5 70. Rd5+ Kb4
71. Re5 Nc4 72. Re4 Kc3 73. Rf4 Ne3 74. Rf3 Kd4 75. Rf6 Ke5 76. Rc6 Nf5 77.
Rc5+ Kf4 78. Rc8 Kg5 79. Rc4 Kg6 80. Rf4 Kg5 81. Rf1 Nd4 82. Rf2 Ne6 83. Kh2
Nf4 84. Rf3 Kg4 85. Rf1 h3 86. Rf2 Nd5 87. Rf8 Nf4 88. Rf6 Kg5 89. Rf7 Kg4 90.
Rf8 Nh5 91. Rf2 Nf4 92. Rf1 Ne6 93. Rf6 Ng5 94. Rf8 Nf3+ 95. Kh1 Kg3 96. Rf7 h2
97. Rf6 Ne5 98. Rf5 Ng4 99. Rg5 Kh3 100. Rf5 Kg3 101. Rg5 Kh3 102. Rf5 Kg3
1/2-1/2

[Event "ICS Rated blitz match"]
[Site "204.178.125.65"]
[Date "2000.01.28"]
[Round "?"]
[White "StrongBach"]
[Black "Hossa"]
[Result "0-1"]
[WhiteElo "1815"]
[BlackElo "2281"]
[PlyCount "64"]

1. d4 Nf6 2. Bg5 e6 3. c3 h6 4. Bf4 g5 5. Be3 d5 6. Qd3 b6 7. Nd2 Ba6 8. Qc2
Ng4 9. Qa4+ Qd7 10. Qc2 f5 11. O-O-O f4 12. Bxf4 Nxf2 13. Qg6+ Qf7 14. Qxf7+
Kxf7 15. Bxc7 Nxh1 16. e4 Nf2 17. Bxb8 Nxd1 18. Bxa6 Nxc3 19. Be5 Nxa2+ 20. Kb1
Nb4 21. Bxh8 Nxa6 22. Ngf3 Bb4 23. Be5 g4 24. exd5 exd5 25. b3 Rg8 26. Kc2 gxf3
27. Nxf3 Rxg2+ 28. Kb1 Rf2 29. Nh4 Ba3 30. h3 Nb4 31. Ng2 Rf1+ 32. Ne1 Rxe1#
0-1

[Event "ICS Rated blitz match"]
[Site "204.178.125.65"]
[Date "2000.01.28"]
[Round "?"]
[White "Hossa"]
[Black "Zippy"]
[Result "1-0"]
[WhiteElo "2283"]
[BlackElo "2265"]
[PlyCount "97"]

1. e4 c5 2. Nf3 Nc6 3. d4 cxd4 4. Nxd4 Qc7 5. Nb5 Qb8 6. Bd3 Nf6 7. O-O e5 8.
Bg5 a6 9. N5c3 Be7 10. Qd2 h6 11. Be3 Ng4 12. Bb6 Bg5 13. Qe2 h5 14. Nd5 Bd8
15. Bxd8 Nxd8 16. Qf3 Rh6 17. Rd1 Ne6 18. Nbc3 Rg6 19. Rd2 Ng5 20. Qe2 Qd6 21.
Rad1 Ne6 22. Qf3 b5 23. Qh3 Ng5 24. Qg3 b4 25. Na4 Rb8 26. h4 Ne6 27. Be2 Qc6
28. Bxg4 d6 29. Qe3 Rxg4 30. f3 Rxh4 31. Qa7 Rb7 32. Qf2 g5 33. Nab6 Kf8 34.
Qe3 a5 35. Qf2 Nd4 36. Rxd4 exd4 37. Qxd4 Kg8 38. Nf6+ Kf8 39. Nxc8 Qxc8 40.
Qxd6+ Kg7 41. Qe5 Kf8 42. Qxg5 Qb8 43. Nh7+ Ke8 44. Qc5 Qh2+ 45. Kf2 Qg3+ 46.
Kxg3 Rg4+ 47. fxg4 h4+ 48. Kxh4 b3 49. Nf6# 1-0

[Event "ICS rated blitz match"]
[Site "204.178.125.65"]
[Date "2000.01.28"]
[Round "?"]
[White "theater"]
[Black "Hossa"]
[Result "0-1"]
[WhiteElo "1955"]
[BlackElo "2298"]
[PlyCount "70"]

1. d4 Nf6 2. c4 g6 3. Nc3 d5 4. Nf3 Bg7 5. Qb3 e6 6. Bg5 dxc4 7. Qxc4 O-O 8. e4
h6 9. Bxf6 Bxf6 10. e5 Bg7 11. h4 Nd7 12. Ne4 Nb6 13. Qb3 Bd7 14. Nc5 Rb8 15.
a4 Bc8 16. a5 Nd5 17. g3 c6 18. Bc4 b6 19. Ne4 Qc7 20. Bxd5 cxd5 21. Nd6 bxa5
22. Qc3 Qxc3+ 23. bxc3 Bd7 24. O-O a4 25. Rab1 f6 26. Rb7 Rxb7 27. Nxb7 fxe5
28. Nxe5 Bxe5 29. dxe5 Rc8 30. Rc1 a3 31. Na5 g5 32. hxg5 hxg5 33. Nb3 a2 34.
f3 Rb8 35. Nd4 Rb1 0-1

[Event "ICS rated blitz match"]
[Site "204.178.125.65"]
[Date "2000.01.28"]
[Round "?"]
[White "Hossa"]
[Black "flaoli"]
[Result "1-0"]
[WhiteElo "2302"]
[BlackElo "1951"]
[PlyCount "33"]

1. e4 c5 2. Nf3 d6 3. d4 cxd4 4. Nxd4 a6 5. Bc4 Nf6 6. Nc3 e6 7. O-O Be7 8. Qf3
Nc6 9. Nxc6 bxc6 10. e5 Nd5 11. exd6 Bxd6 12. Ne4 Be7 13. Rd1 Qb6 14. Bb3 Bd7
15. Qg3 g6 16. c4 Nf6 17. Qe5 1-0

[Event "ICS rated blitz match"]
[Site "204.178.125.65"]
[Date "2000.01.28"]
[Round "?"]
[White "Hossa"]
[Black "tryany1"]
[Result "1-0"]
[WhiteElo "2309"]
[BlackElo "1909"]
[PlyCount "69"]

1. e4 c5 2. Nf3 e6 3. d4 cxd4 4. Nxd4 a6 5. c4 Nf6 6. Nc3 Bb4 7. Bd3 Qc7 8. Bd2
b6 9. O-O Bc5 10. Nb3 Be7 11. Qf3 Nc6 12. Bf4 Ne5 13. Qg3 d6 14. Bxe5 dxe5 15.
Qxg7 Rg8 16. Qh6 Rg6 17. Qe3 Ng4 18. Qh3 f5 19. exf5 exf5 20. Qxh7 Rh6 21. Nd5
Qd6 22. Qxe7+ Qxe7 23. Nxe7 Kxe7 24. h3 Nf6 25. c5 e4 26. Be2 Nd5 27. cxb6 Rxb6
28. Rfe1 Bb7 29. Rad1 Nf4 30. Bf1 Kf6 31. Nc5 Rxb2 32. g3 Nh5 33. Rd6+ Ke5 34.
Red1 e3 35. Re6# 1-0

[Event "ICS rated blitz match"]
[Site "204.178.125.65"]
[Date "2000.01.28"]
[Round "?"]
[White "Beadle"]
[Black "Hossa"]
[Result "1-0"]
[WhiteElo "2509"]
[BlackElo "2348"]
[PlyCount "81"]

1. e4 c5 2. Nf3 d6 3. d4 cxd4 4. Qxd4 Nc6 5. Bb5 Bd7 6. Bxc6 Bxc6 7. Nc3 e5 8.
Qd3 Be7 9. Be3 Nf6 10. h3 Qa5 11. O-O O-O 12. Rab1 Rfd8 13. b4 Qc7 14. b5 Bd7
15. b6 Qc6 16. bxa7 Be6 17. Rfd1 Bc4 18. Nd5 Nxd5 19. exd5 Qc8 20. Qc3 e4 21.
Ng5 Bxg5 22. Bxg5 Rd7 23. Be3 Re7 24. Rb4 b5 25. a4 Qe8 26. Qb2 Raxa7 27. Bxa7
Rxa7 28. axb5 Rc7 29. b6 Rc5 30. b7 Bb5 31. Ra1 e3 32. Rxb5 exf2+ 33. Kxf2 h5
34. Ra8 Kh7 35. Rxe8 Rc4 36. b8=Q f6 37. Rh8+ Kg6 38. Qe8+ Kf5 39. Qxh5+ g5 40.
Qh7+ Kf4 41. Qxf6# 1-0

[Event "ICS rated blitz match"]
[Site "204.178.125.65"]
[Date "2000.01.28"]
[Round "?"]
[White "kako"]
[Black "Hossa"]
[Result "0-1"]
[WhiteElo "2084"]
[BlackElo "2345"]
[PlyCount "84"]

1. e4 c5 2. Nf3 d6 3. d4 Nf6 4. dxc5 Qa5+ 5. c3 Nxe4 6. cxd6 Nxd6 7. Be2 Nc6 8.
O-O Bg4 9. h3 Bh5 10. Re1 O-O-O 11. Qc2 Bg6 12. Qb3 e5 13. Be3 e4 14. Nd4 Nxd4
15. Bxd4 Kb8 16. Nd2 Rd7 17. a4 Qg5 18. Be3 Qa5 19. Bb5 Rd8 20. Bf4 f5 21. Nc4
Qc7 22. Ne5 Qe7 23. Red1 e3 24. fxe3 Bh5 25. Rxd6 Rxd6 26. g4 fxg4 27. Nc4 Bf7
28. Rd1 Qc7 29. Nxd6 Bxb3 30. Nf7 Qxf4 31. exf4 Bc5+ 32. Kh2 Bxf7 33. hxg4 h5
34. g5 Be3 35. Kg3 h4+ 36. Kh3 Bxf4 37. Bd7 Bxg5 38. Bg4 Bb3 39. Rd7 Bf6 40. a5
a6 41. Kg2 Rd8 42. Rxd8+ Bxd8 0-1